Вольтсекундные характеристики импульсного перекрытия некоторых материалов; Известия Томского политехнического института [Известия ТПИ]; Т. 149

Manylion Llyfryddiaeth
Parent link:Известия Томского политехнического института [Известия ТПИ]/ Томский политехнический институт (ТПИ).— , 1944-1976
Т. 149.— 1966.— [С. 146-151]
Prif Awdur: Каляцкий И. И. Иван Иванович
Awduron Eraill: Синебрюхов А. Г. Анатолий Григорьевич
Crynodeb:Заглавие с титульного листа
Электронная версия печатной публикации
Iaith:Rwseg
Cyhoeddwyd: 1966
Pynciau:
Mynediad Ar-lein:Черно-белая версия для предварительного просмотра
Цветная версия без потери качества
Fformat: MixedMaterials Electronig Pennod Llyfr
KOHA link:https://koha.lib.tpu.ru/cgi-bin/koha/opac-detail.pl?biblionumber=207280

MARC

LEADER 00000nla2a2200000 4500
001 207280
005 20231031191025.0
035 |a (RuTPU)RU\TPU\book\226078 
035 |a RU\TPU\book\226074 
090 |a 207280 
100 |a 20120123d1966 k y0rusy50 ca 
101 0 |a rus 
102 |a RU 
135 |a drnn ---uucaa 
181 0 |a i  
182 0 |a b 
200 1 |a Вольтсекундные характеристики импульсного перекрытия некоторых материалов  |b Электронный ресурс  |f И. И. Каляцкий, А. Г. Синебрюхов 
203 |a Текст  |c электронный 
215 |a 2 файла (259 Кб, 8.5 Мб) 
230 |a Электронные текстовые данные (2 файла : 259 Кб, 8.5 Мб) 
300 |a Заглавие с титульного листа 
300 |a Электронная версия печатной публикации 
337 |a Adobe Reader 
461 1 |0 (RuTPU)RU\TPU\book\200995  |t Известия Томского политехнического института [Известия ТПИ]  |f Томский политехнический институт (ТПИ)  |d 1944-1976 
463 1 |0 (RuTPU)RU\TPU\book\226017  |t Т. 149  |v [С. 146-151]  |d 1966  |p 192 с. 
610 1 |a электронный ресурс 
610 1 |a труды учёных ТПУ 
700 1 |a Каляцкий  |b И. И.  |c российский электротехник  |c ректор Томского политехнического института в 1970-1984, профессор  |f 1927-2005  |g Иван Иванович  |2 stltpush  |3 (RuTPU)RU\TPU\pers\14030 
701 1 |a Синебрюхов  |b А. Г.  |c специалист в области организации высшего профессионального образования  |c ведущий менеджер Томского политехнического университета, кандидат технических наук  |f 1935-  |g Анатолий Григорьевич  |2 stltpush  |3 (RuTPU)RU\TPU\pers\32270 
801 1 |a RU  |b 63413507  |c 20090320  |g PSBO 
801 2 |a RU  |b 63413507  |c 20160701  |g PSBO 
856 4 |u http://www.lib.tpu.ru/fulltext/v/Bulletin_TPU/1966/v149/22_bw.pdf  |z Черно-белая версия для предварительного просмотра 
856 4 |u http://www.lib.tpu.ru/fulltext/v/Bulletin_TPU/1966/v149/22_full.pdf  |z Цветная версия без потери качества 
942 |c CF